Duolingo - Characters by Picture - Statistics

General Stats
  • This quiz has been taken 72 times
  • The average score is 8 of 11
Answer Stats
Picture Answer % Correct
Duo
100%
Lily
85%
Junior
78%
Bea
66%
Eddy
66%
Oscar
66%
Lin
64%
Zari
63%
Vikram
58%
Lucy
56%
Falstaff
54%
No matching quizzes found
Score Distribution
Percent of People with Each Score
Percentile by Number Answered
Your Score History
You have not taken this quiz